00665nam a2200181Ia 4500008004100000020001500041050002000056100004000076245010700116260003800223300001900261650002600280650003500306650003100341700003000372700004600402700003500448120626s1988 mx 000 0 spa d a9684510624 aHF5736 bK28218 aKahn, Gilbert d1912 - 1871eautor  aSistemas de archivo y manejo de documentos c/ Gilbert, Kahn. et al.; traductor: Beatriz de, Dueñas aMéxico b: Mc Graw Hillc, 1988 a229 páginas  aREGISTRO DE NEGOCIOS  aCLASIFICACIÓN DE DOCUMENTOS 0aDOCUMENTOS ADMINISTRATIVOS aYerian, Theodore eautor  aStewart, Jeffrey Robert d1932 - eautor  aDuenas, Beatriz deetraductor